000
00246nam a2200097Ia 4500
001
1222920
005
20250827092857.0
008
250824s9999 xx 000 0 und d
245
0
_a
DA VINCI ŞİFRESİ S2 17
_c
DAN BROWN
260
_b
ALTIN KİTAPLAR
999
_c
1222920
_d
1222920